banner koha

Rhizopus stolonifer (Ehrenb. ex fr.)Vull., agente da podridao mole dos frutos da jaqueira (Artocarpus heterophyllus Lam.)e da fruta pao (Artocarpus altilio Fosberg), no estado do Ceara [Fungo; Brasil] (Registro n. 107171)

MARC details
000 -LÍDER
campo de controle de tamanho fixo 01055nas a2200277 4500
001 - NÚMERO DE CONTROLE
campo de controle BR8103407
003 - IDENTIFICADOR DO NÚMERO DE CONTROLE
campo de controle BR-BrBNA
005 - DATA E HORÁRIO DA ÚLTIMA TRANSAÇÃO
campo de controle 20231205084752.0
007 - CAMPO FIXO DE DESCRIÇÃO FÍSICA--INFORMAÇÃO GERAL
campo de controle de tamanho fixo ta
008 - CAMPO DE DADOS FIXOS--INFORMAÇÃO GERAL
campo de controle de tamanho fixo 230509b bl.|||p| |||| 00| 00por d
040 ## - FONTE DA CATALOGAÇÃO
Instituição da catalogação original BR-BrBNA
Idioma da catalogação por
Instituição que transcreveu o registro Biblioteca Nacional de Agricultura
041 ## - CÓDIGO DE IDIOMA
Código do idioma do texto/trilha sonora ou título diferente (Pt)
072 ## - CÓDIGO DE CATEGORIA DE ASSUNTO
Código de Categoria de Assunto H20
100 1# - ENTRADA PRINCIPAL--NOME PESSOAL
Nome pessoal Almeida, R.T. de
100 1# - ENTRADA PRINCIPAL--NOME PESSOAL
Nome pessoal Landim, C.M.U.
245 1# - TÍTULO
Título Rhizopus stolonifer (Ehrenb. ex fr.)Vull., agente da podridao mole dos frutos da jaqueira (Artocarpus heterophyllus Lam.)e da fruta pao (Artocarpus altilio Fosberg), no estado do Ceara [Fungo; Brasil]
246 1# - FORMA VARIANTE DO TÍTULO
Título/título abreviado Soft rot of young fruits of jackfruit (Artocarpus heterophyllus Lam.)and breadfruit (Artocarpus altilio Fosberg), in the state of Ceara, Brazil [Fungus]
650 ## - ASSUNTO--TERMO TÓPICO
Cabeçalho tópico ou nome geográfico Doenca de planta
650 ## - ASSUNTO--TERMO TÓPICO
Cabeçalho tópico ou nome geográfico Jaca
650 ## - ASSUNTO--TERMO TÓPICO
Cabeçalho tópico ou nome geográfico Fruta-pao
650 ## - ASSUNTO--TERMO TÓPICO
Cabeçalho tópico ou nome geográfico Podridao mole
650 ## - ASSUNTO--TERMO TÓPICO
Cabeçalho tópico ou nome geográfico Ceara
773 0# - ENTRADA ANALÍTICA
Título Fitossanidade (Brazil)
ISSN - International Standard Serial Number ISSN 0100-4205
Partes relacionadas (Dec 1980), v. 4(1) p. 23-24
Número de controle do registro BR8103407
909 ## -
-- 202311
-- Lúcia
-- 55
-- Lúcia Elande
942 ## - ELEMENTOS DE ENTRADA ADICIONADOS (KOHA)
Fonte da classificação ou esquema de arquivamento na estante Classificação AGRIS
Ocultar no OPAC Não
Tipo de material Koha Analítica
Exemplares
Situação do descarte Fonte da classificação ou esquema de arquivamento na estante Situação física Não pode ser emprestado Biblioteca de origem Biblioteca atual Localização na estante Enumeração do periódico / cronologia Total de empréstimos Data de último acesso Número do exemplar Tipo de material Koha Fonte de aquisição
  Classificação AGRIS   Consulta local Biblioteca Nacional de Agricultura - Binagri Biblioteca Nacional de Agricultura - Binagri   (Dec 1980), v. 4(1) p. 23-24   29/11/2023 01 Periódicos Portaria Interministerial nº 164/94

BINAGRI

Telefone: (61)3218-2567/2388/3357/2097 - binagri@agro.gov.br

Ministério da Agricultura e Pecuária , Esplanada dos Ministérios, Bloco D, Anexo B, Brasília/DF, CEP: 70.043-900